[Event "UKR-chT 2019"]
[Site "Chornomorsk"]
[Date "2019.05.27"]
[Round "8.4"]
[White "Makarov, Pavlo"]
[Black "Omelja, Artem"]
[Result "1/2-1/2"]
[WhiteElo "2192"]
[BlackElo "2451"]
[Annotator "ChessBase"]
[PlyCount "85"]
[EventDate "2019.05.20"]
[EventCountry "UKR"]
[SourceTitle "playchess.com"]
[Source "ChessBase"]
[SourceQuality "1"]
[TimeControl "40/5400+30:1800+30"]

1. d4 {[%emt 0:00:00]} Nf6 {[%emt 0:00:00]} 2. c4 {[%emt 0:00:00]} g6 {[%emt 0:00:00]} 3. Nc3 {[%emt 0:00:00]} Bg7 {[%emt 0:00:00]} 4. Nf3 {[%emt 0:00:29]} O-O {[%emt 0:00:04]} 5. e4 {[%emt 0:02:31]} d6 {[%emt 0:00:08]} 6. h3 {[%emt 0:00:08]} c5 {[%emt 0:00:32]} 7. d5 {[%emt 0:00:48]} e6 {[%emt 0:00:11]} 8. Bd3 {[%emt 0:01:20]} exd5 {[%emt 0:00:09]} 9. exd5 {[%emt 0:01:11]} Re8+ {[%emt 0:00:17]} 10. Be3 {[%emt 0:00:02]} Bh6 {[%emt 0:00:21]} 11. O-O {[%emt 0:00:05]} Bxe3 {[%emt 0:00:27]} 12. fxe3 {[%emt 0:00:03]} Nbd7 {[%emt 0:01:56]} 13. Qd2 {[%emt 0:02:10]} Ne5 {[%emt 0:03:07]} 14. Nxe5 {[%emt 0:02:54]} Rxe5 {[%emt 0:00:08]} 15. Rf3 {[%emt 0:02:58]} Ne8 {[%emt 0:00:41]} 16. Raf1 {[%emt 0:00:54]} f6 {[%emt 0:00:59]} 17. Qf2 {[%emt 0:17:20]} Qe7 {[%emt 0:07:29]} 18. Ne2 {[%emt 0:05:27]} Bd7 {[%emt 0:04:33]} 19. g4 {[%emt 0:16:21]} Rb8 {[%emt 0:02:26]} 20. Nf4 {[%emt 0:01:11]} Qg7 {[%emt 0:02:47]} 21. b3 {[%emt 0:02:40]} b6 {[%emt 0:01:00]} 22. Bc2 {[%emt 0:01:48]} b5 {[%emt 0:03:29]} 23. Nd3 {[%emt 0:03:17]} Rg5 {[%emt 0:08:54]} 24. Qh4 {[%emt 0:05:09]} h6 {[%emt 0:02:36]} 25. e4 {[%emt 0:00:48]} bxc4 {[%emt 0:01:31]} 26. bxc4 {[%emt 0:00:06]} f5 {[%emt 0:13:00]} 27. Kh1 {[%emt 0:05:44]} Nf6 {[%emt 0:01:56]} 28. exf5 {[%emt 0:09:51]} gxf5 {[%emt 0:00:13]} 29. Nf4 {[%emt 0:01:43]} Rb2 {[%emt 0:12:14]} 30. R3f2 {[%emt 0:04:18]} Rxc2 {[%emt 0:21:45]} 31. Rxc2 {[%emt 0:00:17]} fxg4 {[%emt 0:00:07]} 32. Re2 {[%emt 0:06:10]} gxh3 {[%emt 0:02:51]} 33. Ne6 {[%emt 0:01:59]} Bxe6 {[%emt 0:01:42]} 34. Rxe6 {[%emt 0:01:36]} Rh5 {[%emt 0:04:01]} 35. Qf2 {[%emt 0:00:49]} Rf5 {[%emt 0:00:51]} 36. Qe2 {[%emt 0:00:57]} Nh5 {[%emt 0:00:55]} 37. Kh2 {[%emt 0:04:27]} Qg3+ {[%emt 0:03:08]} 38. Kh1 {[%emt 0:00:04]} Qg7 {[%emt 0:00:29]} 39. Kh2 {[%emt 0:00:37]} Qg3+ {[%emt 0:00:57]} 40. Kh1 {[%emt 0:00:00]} Qg7 41. Kh2 Ng3 42. Rg1 Nxe2 43. Rxe2 1/2-1/2

[Event "UKR-chT 2019"]
[Site "Chornomorsk"]
[Date "2019.05.27"]
[Round "8.5"]
[White "Zavgorodniy, Sergiy"]
[Black "Tarasenko, Vladislav"]
[Result "1-0"]
[WhiteElo "2420"]
[BlackElo "2027"]
[Annotator "TA"]
[PlyCount "43"]
[EventDate "2019.05.20"]
[EventCountry "UKR"]
[SourceTitle "playchess.com"]
[Source "ChessBase"]
[SourceQuality "1"]

{[%evp 9,43,10,0,9,18,0,0,1,11,16,86,13,19,14,130,112,128,89,90,90,196,145,366,358,378,375,404,415,429,435,478,462,481,483,541,537]} 1. b3 d5 2. Bb2 c5 3. e3 a6 4. Nf3 Nc6 5. Be2 (5. g3 Nf6 6. Bg2 g6 7. d4 Bg7 8. O-O cxd4 9. Nxd4 O-O 10. Nxc6 bxc6 11. c4 Bg4 12. Qc2 Qd7 {0-1 (62) Anton Guijarro,D (2642)-Inarkiev,E (2693) St Petersburg 2018}) 5... d4 6. O-O {A06: Réti Opening:1 Nf3 d5} e5 7. exd4 exd4 8. Re1 {Black should prevent Bxa6+.The position is equal.} Be7 9. c3 $146 ({Predecessor:} 9. a4 Nf6 10. Na3 O-O 11. Nc4 Be6 12. Nfe5 Nxe5 13. Nxe5 {½-½ (25) Deutsch,E (2351)-Avrukh,B (2583) Israel 2013}) 9... dxc3 (9... Nh6 $11) 10. dxc3 (10. Nxc3 $16 {And now Nd5! would win.} Nf6 11. Na4) 10... Qxd1 $11 11. Bxd1 f5 (11... Be6 $11 {remains equal.}) 12. c4 $36 {[%mdl 2048] White is on the roll.} Kf7 13. Ne5+ Nxe5 14. Bxe5 ({Of course not} 14. Rxe5 Bf6 $11) 14... a5 (14... Nf6 $16) 15. Nc3 (15. Bh5+ $18 Kf8 16. Nc3) 15... Ra6 $2 (15... Nf6 $16 {was necessary.} 16. Bf3 Ra6) 16. Bh5+ $18 g6 {[#]} 17. Bxg6+ $1 {[%mdl 512]} Rxg6 18. Bxh8 Nf6 19. Rad1 {White is clearly winning.} f4 20. Bxf6 Bxf6 21. Nd5 f3 22. g3 {Accuracy: White = 77%, Black = 30%.} 1-0

[Event "UKR-chT 2019"]
[Site "Chornomorsk"]
[Date "2019.05.27"]
[Round "8.6"]
[White "Chernenko, Vladislav"]
[Black "Doluhanova, Evgeniya"]
[Result "*"]
[WhiteElo "1848"]
[BlackElo "2319"]
[Annotator "TA"]
[PlyCount "33"]
[EventDate "2019.05.20"]
[EventCountry "UKR"]
[SourceTitle "playchess.com"]
[Source "ChessBase"]
[SourceQuality "1"]

{[%evp 9,20,0,9,0,28,24,28,28,39,20,23,21,34]} 1. d4 Nf6 2. c4 e6 3. g3 Bb4+ 4. Bd2 Be7 5. Bg2 d5 6. Nf3 {E00: Catalan Bogo-Indian (3 g3 Bb4+)} Ne4 7. O-O O-O 8. Qc2 Nd7 9. Nc3 Nxd2 10. Nxd2 c6 {Predecessor:} 11. e3 $146 a5 12. a3 Nb6 13. c5 Nd7 14. b4 e5 15. Nb3 axb4 16. axb4 Rxa1 17. Rxa1 {½-½ (60) Postny,E (2623)-So,W (2765) chess.com INT 2019} *

[Event "UKR-chT 2019"]
[Site "Chornomorsk"]
[Date "2019.05.27"]
[Round "8.6"]
[White "Chernenko, Vladislav"]
[Black "Doluhanova, Evgeniya"]
[Result "1/2-1/2"]
[WhiteElo "1848"]
[BlackElo "2319"]
[Annotator "TA"]
[PlyCount "98"]
[EventDate "2019.05.20"]
[EventCountry "UKR"]
[SourceTitle "playchess.com"]
[Source "ChessBase"]
[SourceQuality "1"]

{[%evp 9,98,0,1,0,35,22,35,30,41,25,19,22,14,0,31,0,0,0,17,-15,-15,-15,-13,-31,-16,-15,-13,-52,0,-8,-3,-47,-27,-66,-57,-57,-53,-36,-48,-54,-39,-36,0,-53,-12,-54,-54,-49,-58,-216,-206,-315,-308,-281,-124,-128,-116,-126,-35,-114,0,0,0,-635,0,0,0,0,58,56,82,75,207,79,101,0,100,29,106,31,126,35,35,34,29,29,29,29,42,37,37]} 1. d4 Nf6 2. c4 e6 3. g3 Bb4+ 4. Bd2 Be7 5. Bg2 d5 6. Nf3 {E00: Catalan Bogo-Indian (3 g3 Bb4+)} Ne4 (6... O-O 7. O-O c6 8. Qc2 Nbd7 9. Bf4 b6 10. Rd1 Ba6 11. cxd5 cxd5 12. Ne5 Nxe5 13. dxe5 Ng4 14. h3 g5 15. Bxg5 Nxe5 16. Bxe7 Qxe7 17. e4 dxe4 18. Qxe4 {½-½ (32) Yu,Y (2751)-Ding,L (2809) Shenzhen 2019}) 7. O-O O-O 8. Qc2 Nd7 9. Nc3 Nxd2 10. Nxd2 c6 11. e4 {[%cal Re4d5]} e5 12. exd5 exd4 13. Ne2 $146 ({Predecessor:} 13. dxc6 bxc6 14. Na4 Ne5 15. Nf3 Nxf3+ 16. Bxf3 {1-0 (75) Yanchenko,R (2414)-Musaev,R (2219) Vladivostok 2016}) 13... c5 14. Nf4 Bd6 15. Nd3 Nf6 16. Rae1 Qc7 17. Re2 Bg4 18. Nf3 h6 19. Rfe1 Nd7 20. Qc1 Rab8 21. Rc2 Bf5 22. Qd1 Rfe8 23. Rxe8+ Rxe8 24. Re2 Rb8 25. b3 a6 {[%cal Ba7a6,Ba6b5][%mdl 32]} 26. Nb2 (26. Nh4 $11 Bxd3 27. Qxd3) 26... b5 27. Qe1 (27. Nh4 $5 {[%cal Rh4f5]} Bh7 28. Be4 $15) 27... Nf6 $36 {[%mdl 2048] Black fights for an advantage.} 28. Nd2 Qa5 29. cxb5 $2 (29. Ne4 $15 Qxe1+ 30. Rxe1 Nxe4 31. Bxe4) 29... axb5 $19 30. a4 (30. Ne4 $142 Qxe1+ 31. Rxe1 Bxe4 32. Bxe4) 30... d3 31. Re3 {[#]} Qc3 (31... c4 $1 $19 {[%cal Rc4c3][%mdl 512] and Black stays clearly on top.} 32. axb5 (32. bxc4 Bb4) 32... c3 {[%mdl 64] Double Attack}) 32. Nd1 $17 Qc2 $1 33. axb5 Rxb5 (33... Bg4 $17 34. Bf3 Bd7) 34. Nc4 (34. Rf3 $1 $15 Bg6 35. Ne3) 34... Rxb3 (34... Bf8 $17 35. Na3 {[%mdl 64] Double Attack} Qxb3 {[%mdl 64] Double Attack} 36. Nxb5 Qxb5) 35. Nxd6 $11 d2 (35... Rb1 $5 36. Bf3 $8 d2 $11) 36. Qf1 $2 {[%mdl 8192]} (36. Qe2 $11 Rb1 37. Bf3) 36... Bd3 $2 ({Better is} 36... Rb1 $1 $19 37. Bf3 Bg4) 37. Rxd3 $1 Rxd3 38. Nf5 c4 (38... Qb1 $11 39. Nfe3 g6) 39. Nfe3 $14 Qc1 {[#] Hoping for ...Rxe3!} 40. Bf3 $1 Rd4 (40... h5 $16) 41. Nf5 (41. Qh3 $18 {is the precise move to win.}) 41... Rd3 $16 42. Nfe3 (42. Be2 $16) 42... Rb3 (42... Rd4 $1 $11 {remains equal.}) 43. d6 ({White should play} 43. Kg2 $16) 43... g6 {[#]} (43... Rd3 $1 $11 {keeps the balance.}) 44. Qh3 ({White should try} 44. Be2 $1 $16) 44... Rd3 (44... Kg7 $14 45. Kg2 Rd3) 45. Be2 (45. Qxh6 $16 {Strongly threatening Nf5!} Rxd6 46. Qf4 {[%mdl 64] Double Attack}) 45... Rxd6 $14 {aiming for ...Re6.} 46. Qc8+ Kg7 $1 47. Qxc4 h5 48. h4 Re6 49. Kg2 Rd6 {Accuracy: White = 40%, Black = 40%.} 1/2-1/2

[Event "UKR-chT 2019"]
[Site "Chornomorsk"]
[Date "2019.05.28"]
[Round "9"]
[White "Brodsky, Michail"]
[Black "Yurovskykh, Oleksandr"]
[Result "1/2-1/2"]
[WhiteElo "2535"]
[BlackElo "2267"]
[Annotator "TA"]
[PlyCount "143"]
[EventDate "2019.??.??"]
[EventCountry "UKR"]
[SourceTitle "playchess.com"]
[Source "ChessBase"]
[SourceQuality "1"]

{[%evp 12,143,56,0,0,1,0,0,3,0,27,-8,66,-16,64,62,88,88,98,97,96,91,90,70,70,70,70,70,70,70,70,66,70,70,70,70,86,76,118,99,142,101,101,95,132,106,111,104,111,106,106,110,110,97,98,97,97,97,105,97,103,97,97,91,97,79,94,90,97,55,97,73,89,75,104,93,119,100,111,124,139,122,137,131,210,210,210,210,210,210,210,210,259,202,343,337,333,250,250,204,205,160,228,206,258,245,251,236,220,227,362,450,430,407,427,343,341,312,689,618,903,283,278,284,388,382,1326,219,212,109,122,93,73,0]} 1. d4 d5 2. c4 e6 3. Nc3 Nf6 4. cxd5 Nxd5 5. e4 Nxc3 6. bxc3 c5 7. a3 (7. Nf3 $14) 7... Be7 $11 {D35: Queen's Gambit Declined: Exchange Variation} 8. Nf3 O-O 9. Bd3 Nc6 {[%cal Rc5d4] The position is equal.} 10. Bb2 b6 11. O-O (11. d5 $5 {[%cal Rd5c6]} Na5 12. c4 $11) 11... Bb7 (11... Na5 $11) 12. Qe2 $146 (12. d5 $1 $14) ({Predecessor:} 12. d5 exd5 13. exd5 {½-½ (68) Bareev,E (2636)-Savchenko,B (2655) Dagomys 2009}) 12... Qc7 (12... Na5 $11) 13. d5 $1 $14 {[%cal Rd5c6]} Na5 14. c4 f6 15. Qc2 ({Of course not} 15. dxe6 $6 Qd6 $11) 15... e5 16. Bc3 Bc8 17. Bxa5 bxa5 18. Nd2 Bd7 19. Rfb1 Rfb8 20. Rxb8+ Rxb8 21. Qc3 Bd8 22. Bc2 Kf8 23. Nf1 Ke7 24. Ne3 Kd6 25. h4 Qb6 26. Rb1 Qc7 27. Rf1 Qb6 28. Nd1 Ke7 29. Qd3 Bc7 30. Nc3 Bd6 31. Rb1 Qc7 32. Ra1 a6 33. Ra2 Kf8 34. g3 Bc8 35. Ba4 Qf7 36. Qe2 g6 37. Bd1 Kg7 38. Qe3 Qe7 39. Qd2 Bd7 40. Bc2 h6 41. Ne2 Qd8 42. Nc1 g5 43. hxg5 hxg5 44. Bd1 Qc7 45. Rb2 Rh8 46. Bf3 Kf7 47. Nd3 Ke7 (47... g4 $16) 48. Ne1 $18 a4 49. Ng2 Rb8 50. Bd1 Rxb2 51. Qxb2 Qb8 52. Qc1 Bc7 (52... Be8 $142 53. Ne3 Kd8) 53. Ne3 Kd6 54. Bc2 Ba5 55. Qd1 Qe8 56. Qf3 Qg6 (56... Qh8 $16 57. Bd1 Bd8 58. Nf5+ Kc7) 57. Nd1 g4 58. Qd3 Qg8 59. Ne3 Qb8 {Now ...Qb2 and Black clings on.} 60. Qd1 Qb2 (60... Qe8 $142 61. Nxg4 Qh5 62. Nxf6 Qxd1+ 63. Bxd1 Bc8 64. Bxa4 Ke7) 61. Bxa4 Bc8 62. Nxg4 Bd8 63. Qf3 Qc1+ 64. Bd1 Qxc4 $2 (64... Kc7 65. Kg2 (65. Nxf6 Bxf6 66. Qxf6 Qxd1+ 67. Kg2 Qd4 $11 {[%mdl 64] Double Attack}) 65... Qg5) 65. Nxf6 {[#] White wants to mate with Ne8+.} Qc1 66. Ng4 $2 (66. Ne8+ Ke7 67. Qh5) 66... Bxg4 67. Qxg4 c4 68. Kg2 Kc5 $2 {[#]} (68... Qh6 69. Qc8 Ke7 70. Qxc4 Qg6 71. Qb4+ Qd6) 69. Bf3 $2 (69. Qc8+ Kd4 70. Qxd8) 69... Bb6 70. Qc8+ (70. Qe6 $18 {Hoping for Qc6+.} Qb2 71. d6) 70... Kd4 $16 71. Qxa6 Qb2 72. Be2 {Accuracy: White = 57%, Black = 43%.} (72. Kh3 $16) 1/2-1/2

[Event "UKR-chT 2019"]
[Site "Chornomorsk"]
[Date "2019.05.28"]
[Round "9"]
[White "Zavgorodniy, Sergiy"]
[Black "Lymar, Vladislav"]
[Result "1-0"]
[WhiteElo "2420"]
[BlackElo "2026"]
[Annotator "TA"]
[PlyCount "69"]
[EventDate "2019.??.??"]
[EventCountry "UKR"]
[SourceTitle "playchess.com"]
[Source "ChessBase"]
[SourceQuality "1"]

{[%evp 9,69,3,14,12,20,21,23,27,35,30,39,45,38,35,48,44,37,29,50,44,84,68,120,116,103,94,94,96,132,135,135,134,139,139,150,149,141,132,159,154,237,182,291,279,444,343,344,208,250,262,435,302,279,323,629,620,1094,415,1094,1094,964,976]} 1. b3 d5 2. Bb2 c5 3. e3 Nc6 4. Bb5 Qc7 5. f4 (5. Nc3 Nf6 6. Nf3 e5 7. d4 cxd4 8. exd4 e4 9. Ne5 Bd6 10. O-O O-O 11. Bxc6 bxc6 12. Na4 Bxe5 13. dxe5 {½-½ (67) Sutkovic,D (2320)-Nikolic,P (2618) Sarajevo 2015}) 5... Nf6 6. Nf3 {A01: Nimzowitsch-Larsen Opening} Bg4 7. O-O e6 8. d3 {White has an edge.} Bxf3 $146 ({Predecessor:} 8... Bd6 9. Nbd2 O-O-O 10. Bxc6 Qxc6 11. Qe1 Bxf3 12. Nxf3 {0-1 (41) Lebon,N (1713)-Francois Haugrin,S (1789) Le Lamentin 2018}) 9. Rxf3 (9. Bxc6+ {is interesting.} Qxc6 10. Qxf3 Be7 11. Nd2 O-O 12. a4) 9... O-O-O 10. Bxc6 Qxc6 11. Nd2 Be7 12. Qe2 h5 13. Rh3 d4 14. Nc4 Nd5 15. Rf1 Bf6 (15... Nf6 $14) 16. e4 $16 Nb6 17. Nxb6+ axb6 18. Rxh5 g6 19. Rxh8 Rxh8 20. a4 Qc7 21. Bc1 Rh5 22. h3 Qd7 23. Bd2 Bg7 24. Qf3 f5 (24... Bf8 $16 25. a5 bxa5) 25. exf5 Rxf5 (25... exf5 $142 26. Re1 Bf6) 26. Qe4 $18 Qf7 (26... Qc6 {is a better defense.} 27. Qe2 Qd5) 27. a5 bxa5 28. Ra1 ({Weaker is} 28. Bxa5 g5 $16) 28... Rd5 {and the idea ...b6 leaves Black hopeful.} 29. Rxa5 ({Don't play} 29. Bxa5 $6 Qf5) 29... Bf6 $2 {[#]} (29... Kb8 30. g4 Bf8) 30. Qe1 e5 31. Qe4 exf4 $2 (31... Bd8) 32. Bxf4 Bd8 33. Ra8+ Kd7 34. Rb8 Qf5 35. g4 {Accuracy: White = 82%, Black = 22%.} 1-0

[Event "UKR-chT 2019"]
[Site "Chornomorsk"]
[Date "2019.05.28"]
[Round "9"]
[White "Maly, Alexey"]
[Black "Tobak, Mikhail"]
[Result "0-1"]
[WhiteElo "2349"]
[BlackElo "1915"]
[Annotator "TA"]
[PlyCount "88"]
[EventDate "2019.??.??"]
[EventCountry "UKR"]
[SourceTitle "playchess.com"]
[Source "ChessBase"]
[SourceQuality "1"]

{[%evp 10,88,59,39,52,0,6,-21,-24,-20,-8,-10,-10,-9,-10,-9,-5,-43,-16,-19,-12,-30,-32,-38,-32,-35,-35,-54,-53,-60,-58,-53,-59,-52,-47,-52,-48,-360,-360,-433,-427,-427,-431,-567,-548,-570,-568,-564,-548,-1006,-967,-1014,-985,-982,-907,-946,-921,-986,-949,-1065,-1058,-1061,-1006,-1005,-939,-979,-977,-928,-895,-800,-845,-819,-801,-926,-918,-862,-819,-2302,-2230,-29983,-29983]} 1. d4 f5 2. c4 Nf6 3. Nf3 d6 4. g3 c6 5. Bg2 Qc7 6. Nc3 e5 {A85: Dutch Defence: 2 c4 Nf6 3 Nc3} 7. d5 Be7 8. e4 $146 ({Predecessor:} 8. O-O O-O 9. e4 Na6 10. Ng5 h6 11. Ne6 Bxe6 12. dxe6 fxe4 13. Nxe4 Nxe4 14. Bxe4 {0-1 (37) Andreasson,I (2363)-Fries Nielsen,J (2356) Sweden 2017}) 8... Nxe4 {The position is equal.} 9. Nxe4 fxe4 10. Ng5 Bxg5 11. Bxg5 Bf5 12. O-O O-O 13. Qe2 cxd5 (13... h6 $5 {[%cal Rh6g5]} 14. Bd2 cxd5 15. cxd5 Nd7 $15) 14. cxd5 Qf7 15. Bxe4 Bxe4 16. Qxe4 Nd7 17. f4 Nc5 18. Qc4 {[#] Strongly threatening fxe5.} Qg6 19. Be7 Rf7 20. f5 $1 {[%cal Rf5g6]} Qh6 21. f6 Qe3+ 22. Kg2 b5 $36 {[%mdl 2048] White is under pressure.} 23. Qxb5 $2 {[%mdl 8192]} (23. Qg4 $1 $15) 23... Qd2+ $19 24. Rf2 Qxd5+ 25. Kg1 {intending Rc1.} gxf6 26. Bxf6 Raf8 27. Raf1 Qd4 {And now ...Rxf6 would win.} 28. Kg2 Ne4 {[%mdl 64] [#] Double Attack} 29. Qb3 {Black must now prevent Bxe5!} Nxf2 ({And not} 29... Nxf6 30. Rxf6 d5 31. Rxf7 $11) 30. Rxf2 d5 31. Rf4 Qd2+ 32. Rf2 Qa5 33. Qe3 Rxf6 34. Qg5+ Rg6 35. Rxf8+ Kxf8 36. Qf5+ Ke7 37. Qxe5+ Kd7 38. Qf5+ Kc6 39. Qc8+ Kb5 40. Qb7+ Kc4 41. Qc8+ Kd3 {Hoping for ...Qd2+.} 42. Qf5+ Kd2 43. a3 Qc5 44. b4 Qd4 {Accuracy: White = 39%, Black = 93%.} 0-1

[Event "UKR-chT 2019"]
[Site "Chornomorsk"]
[Date "2019.05.28"]
[Round "9"]
[White "Domalchuk-Jonasson, Aleksandr"]
[Black "Doluhanova, Evgeniya"]
[Result "0-1"]
[WhiteElo "1870"]
[BlackElo "2319"]
[Annotator "TA"]
[PlyCount "86"]
[EventDate "2019.??.??"]
[EventCountry "UKR"]
[SourceTitle "playchess.com"]
[Source "ChessBase"]
[SourceQuality "1"]

{[%evp 17,86,28,47,-9,-6,-19,-8,-22,-16,-13,7,0,0,0,0,0,5,0,7,-18,-29,-32,-9,-232,-235,-197,-245,-248,-238,-239,-220,-208,-191,-190,-191,-175,-137,-135,-89,-105,-116,-132,-132,-140,-133,-133,-132,-148,-144,-133,-133,-147,-139,-135,-139,-138,-140,-245,-242,-242,-236,-235,-235,-222,-218,-226,-241,-369,-320,-1294,-1133]} 1. d4 Nf6 2. c4 e6 3. Nc3 Bb4 4. e3 O-O 5. Bd3 c5 6. Nge2 cxd4 7. exd4 b6 8. a3 Be7 9. O-O Bb7 10. f3 {E41: Nimzo-Indian: Rubinstein: 4...c5 5 Bd3, including Hübner Variation} ({White should try} 10. d5 $14) (10. d5 exd5 11. cxd5 Re8 12. Ng3 Bf8 13. Qf3 d6 14. Bg5 Nbd7 15. Bb5 Re5 16. Bf4 Re8 17. Bg5 Re5 18. Bf4 Re8 19. Bg5 Re5 {½-½ (19) Ivanov,J (2363)-Petkov,V (2525) Sunny Beach 2015}) 10... d5 $11 11. Be3 Nbd7 12. Nf4 $146 {The position is equal.} ({Predecessor:} 12. Rc1 dxc4 13. Bxc4 Rc8 14. Ba2 Nd5 15. Nxd5 exd5 16. Nc3 Nf6 {½-½ (42) Hebert,J (2424)-Yu,Z (2112) Montreal 2013}) 12... dxc4 13. Bxc4 e5 14. Nfd5 Nxd5 15. Bxd5 Bxd5 16. Nxd5 Bd6 17. Re1 Re8 18. Nc3 exd4 {[%mdl 64] Discovered Attack} 19. Qxd4 Bc5 (19... Be5 $5 {[%cal Re5d4]} 20. Qd2 Nf6 $11) 20. Qd2 $2 {[#]} (20. Qd3 $11 {and White stays safe.}) 20... Rxe3 $1 $19 21. Rxe3 Ne5 $1 22. Qxd8+ Rxd8 23. Rae1 Nc4 {[%mdl 64] Pin} 24. Nd1 Rxd1 ({Much less strong is} 24... Bxe3+ 25. Nxe3 Nxb2 26. Rb1 $17) 25. Rxd1 {And now Rd8+ would win.} Bxe3+ 26. Kf1 {[%cal Rd1d8]} g6 27. Ke2 Bg5 28. Rd7 a5 29. b3 Nxa3 30. Rb7 Nc2 31. Rxb6 Be7 32. Kd2 Nd4 33. Kd3 {[#]} Ne6 $1 34. Kc4 Kg7 35. Rb7 Kf6 36. Rd7 h5 37. h4 (37. Rd5 $17) 37... Bb4 38. Rd1 Nf4 39. g3 Ne2 40. g4 Nf4 41. Rg1 Ke5 42. Rd1 (42. gxh5 $142 Nxh5 43. Rg4) 42... Ng2 {Threatens to win with ...Ne3+.} 43. gxh5 $2 (43. Rd7 f5 44. gxh5 gxh5 45. Kd3) 43... Ne3+ {[%mdl 64] Double Attack. Accuracy: White = 39%, Black = 76%.} 0-1